000 00694nam a2200205 4500
001 123501
003 ES-MaACL
005 20251011063129.0
007 t|
008 070214s1971 sp r ||||1| spa d
100 1 _aQuilis, Antonio,
_d1933-2003
_994630
245 1 0 _aLengua española
_b: iniciación universitaria /
_cAntonio Quilis, César Hernández, Víctor G. de la Concha.
250 _a1ª. ed.
260 _aValladolid :
_b[s.n.],
_c1971 (
_fIndustrial Lit.)
300 _a382 p., 4 lám. ;
_c22 cm.
700 1 _aHernández, César.
_962795
700 1 _aGarcía de la Concha, Víctor,
_d1934-
_954440
852 _aES-MaACL
_jC-42265
_bR.80635
999 _c123501
_d123501